<?xml version="1.0" encoding="UTF-8"?>
<record
    xmlns:xsi="http://www.w3.org/2001/XMLSchema-instance"
    xsi:schemaLocation="http://www.loc.gov/MARC21/slim http://www.loc.gov/standards/marcxml/schema/MARC21slim.xsd"
    xmlns="http://www.loc.gov/MARC21/slim">

  <leader>00992cam a22002771  4500</leader>
  <controlfield tag="001">sa 65001732 </controlfield>
  <controlfield tag="003">DLC</controlfield>
  <controlfield tag="005">20260227112111.0</controlfield>
  <controlfield tag="008">831216s1964    ii       b    000 0 hino </controlfield>
  <datafield tag="010" ind1=" " ind2=" ">
    <subfield code="a">sa 65001732 </subfield>
  </datafield>
  <datafield tag="025" ind1=" " ind2=" ">
    <subfield code="a">PL480:I-H-1948</subfield>
  </datafield>
  <datafield tag="035" ind1=" " ind2=" ">
    <subfield code="a">(OCoLC)21649692</subfield>
  </datafield>
  <datafield tag="040" ind1=" " ind2=" ">
    <subfield code="a">DLC</subfield>
    <subfield code="c">CU</subfield>
    <subfield code="d">DLC</subfield>
  </datafield>
  <datafield tag="042" ind1=" " ind2=" ">
    <subfield code="a">premarc</subfield>
  </datafield>
  <datafield tag="050" ind1="0" ind2="0">
    <subfield code="a">PK2032</subfield>
    <subfield code="b">.T4</subfield>
  </datafield>
  <datafield tag="100" ind1="1" ind2=" ">
    <subfield code="a">&#x1E6C;h&#x101;kura, Deve&#x15B;a,</subfield>
    <subfield code="d">1933-</subfield>
  </datafield>
  <datafield tag="245" ind1="1" ind2="0">
    <subfield code="a">Pras&#x101;da ke n&#x101;r&#x12B; caritra;</subfield>
    <subfield code="b">&#x101;dhunika Bh&#x101;rat&#x12B;ya sam&#x101;ja tath&#x101; Hind&#x12B; s&#x101;hitya me&#x1E43; n&#x101;r&#x12B;-sthiti ke vistr&#x325;ta vevecana ka s&#x101;tha.</subfield>
    <subfield code="c">[Lekhaka] Deve&#x15B;a &#x1E6C;h&#x101;kura.</subfield>
  </datafield>
  <datafield tag="260" ind1=" " ind2=" ">
    <subfield code="a">Dill&#x12B;,</subfield>
    <subfield code="b">Navayuga Prak&#x101;&#x15B;ana</subfield>
    <subfield code="c">[1965]</subfield>
  </datafield>
  <datafield tag="300" ind1=" " ind2=" ">
    <subfield code="a">3, 560 p.</subfield>
    <subfield code="c">22 cm.</subfield>
  </datafield>
  <datafield tag="500" ind1=" " ind2=" ">
    <subfield code="a">In Hindi.</subfield>
  </datafield>
  <datafield tag="500" ind1=" " ind2=" ">
    <subfield code="a">"...S&#x101;gara Vi&#x15B;vavidy&#x101;laya se P&#x12B;.-eca. &#x1E0C;&#x12B;. k&#x12B; up&#x101;dhi ke lie sv&#x12B;kr&#x325;ta &#x15B;odha prabandha."</subfield>
  </datafield>
  <datafield tag="504" ind1=" " ind2=" ">
    <subfield code="a">Bibliography: p. [549]-556.</subfield>
  </datafield>
  <datafield tag="600" ind1="1" ind2="0">
    <subfield code="a">Prasad, Jai Shankar,</subfield>
    <subfield code="d">1889-1937.</subfield>
  </datafield>
  <datafield tag="650" ind1=" " ind2="0">
    <subfield code="a">Women in literature.</subfield>
  </datafield>
  <datafield tag="650" ind1=" " ind2="0">
    <subfield code="a">Hindi literature</subfield>
    <subfield code="x">History and criticism.</subfield>
  </datafield>
  <datafield tag="999" ind1=" " ind2=" ">
    <subfield code="c">62190</subfield>
    <subfield code="d">62190</subfield>
  </datafield>
</record>
